000 00661nam a2200277Ia 4500
005 20260324134628.0
008 008 260324s9999 xx 000 0 eng d
020 _a9780429090233
037 _aEBOOK
040 _aCRL
040 _beng
040 _cCRL
041 _2eng
041 _aeng
084 _qCRL
100 _aAlan D. Langerak; Luke P. Dreisbach
_91197547
245 0 _aChemotherapy Regimens and Cancer Care
260 _bTaylor and Francis
260 _c2001
365 _a
365 _b325
856 _uhttp://www.taylorfrancis.com/books/9780429090233
942 _cEBOOK
999 _c1797825
_d1797825